<?xml version="1.0" encoding="UTF-8"?><?xml-stylesheet type="text/xsl" href="static/style.xsl"?><OAI-PMH xmlns="http://www.openarchives.org/OAI/2.0/" xmlns:xsi="http://www.w3.org/2001/XMLSchema-instance" xsi:schemaLocation="http://www.openarchives.org/OAI/2.0/ http://www.openarchives.org/OAI/2.0/OAI-PMH.xsd"><responseDate>2026-06-07T04:49:39Z</responseDate><request verb="GetRecord" identifier="oai:riuma.uma.es:10630/32104" metadataPrefix="marc">https://riuma.uma.es/rest/oai/request</request><GetRecord><record><header><identifier>oai:riuma.uma.es:10630/32104</identifier><datestamp>2026-02-03T12:03:16Z</datestamp><setSpec>com_10630_2254</setSpec><setSpec>col_10630_37959</setSpec></header><metadata><record xmlns="http://www.loc.gov/MARC21/slim" xmlns:dcterms="http://purl.org/dc/terms/" xmlns:doc="http://www.lyncode.com/xoai" xmlns:xsi="http://www.w3.org/2001/XMLSchema-instance" xsi:schemaLocation="http://www.loc.gov/MARC21/slim http://www.loc.gov/standards/marcxml/schema/MARC21slim.xsd">
   <leader>00925njm 22002777a 4500</leader>
   <datafield ind2=" " ind1=" " tag="042">
      <subfield code="a">dc</subfield>
   </datafield>
   <datafield ind2=" " ind1=" " tag="720">
      <subfield code="a">Moreno-Cabanillas, Andrea</subfield>
      <subfield code="e">author</subfield>
   </datafield>
   <datafield ind2=" " ind1=" " tag="720">
      <subfield code="a">Castillero-Ostio, Elizabet</subfield>
      <subfield code="e">author</subfield>
   </datafield>
   <datafield ind2=" " ind1=" " tag="720">
      <subfield code="a">Castillo-Esparcia, Antonio</subfield>
      <subfield code="e">author</subfield>
   </datafield>
   <datafield ind2=" " ind1=" " tag="260">
      <subfield code="c">2024</subfield>
   </datafield>
   <datafield ind2=" " ind1=" " tag="520">
      <subfield code="a">Título: El Impacto de las Redes Sociales en las Campañas Electorales: Un Análisis de la Estrategia de Comunicación de Líderes Políticos en España&#xd;
&#xd;
Resumen: La politización en las redes sociales es cada vez más vital en las campañas electorales debido a la tendencia hacia la espectacularización en la política. Plataformas como Facebook e Instagram se han convertido en herramientas políticas cruciales. Este estudio examina cómo los parlamentarios españoles usan estas redes en las Elecciones Generales de julio de 2023, analizando similitudes y diferencias en sus estrategias, incluyendo actividad, interacción, temas y contenido visual. Se emplea una metodología cuantitativa y cualitativa, evaluando las publicaciones generadas entre el 5 y el 25 de julio de 2023, durante toda la campaña electoral.</subfield>
   </datafield>
   <datafield ind1="8" ind2=" " tag="024">
      <subfield code="a">https://hdl.handle.net/10630/32104</subfield>
   </datafield>
   <datafield tag="653" ind2=" " ind1=" ">
      <subfield code="a">Campañas electorales - En los medios de comunicación social</subfield>
   </datafield>
   <datafield tag="653" ind2=" " ind1=" ">
      <subfield code="a">Partidos políticos - España - En los medios de comunicación social</subfield>
   </datafield>
   <datafield ind2="0" ind1="0" tag="245">
      <subfield code="a">El Impacto de las Redes Sociales en las Campañas Electorales: Un Análisis de la Estrategia de Comunicación de Líderes Políticos en España.</subfield>
   </datafield>
</record>
</metadata></record></GetRecord></OAI-PMH>